Membros do Itzy - Statistics

Estatísticas Gerais
  • Esse quiz foi jogado 6 vezes
  • A pontuação média é 4 de 5
Estatísticas das Respostas
Resposta % Correto
Ryujin
100%
Yeji
100%
Lia
83%
Yuna
83%
Chaeryeong
67%
Nenhum quiz correspondente encontrado
Distribuição das Pontuações
Porcentagem de Pessoas com Cada Pontuação
Percentil de Números Respondidos
Sua Pontuação Histórica
Você não jogou esse quiz